African Players Feyenoord / Ajax / PSV - Statistics

General Stats
  • This quiz has been taken 39 times
  • The average score is 16 of 91
Answer Stats
Country Team(s) Answer % Correct
Burkina Faso Bertrand Traoré
63%
Burkina Faso Lassina Traoré
63%
Marokko Hakim Ziyech
60%
Algerije Ramiz Zerrouki
60%
Ghana Mohammed Kudus
57%
Kameroen André Onana
53%
Marokko Zakaria Labyad
53%
Marokko Nordin Amrabat
47%
Marokko Sofyan Amrabat
47%
Marokko Noussair Mazraoui
43%
Kameroen Eyong Enoh
40%
Zuid-Afrika Steven Pienaar
40%
Gambia Yankuba Minteh
40%
Ivoorkust Sébastien Haller
37%
Ivoorkust Arouna Koné
33%
Ivoorkust Bonaventure Kalou
33%
Nigeria Christopher Kanu
33%
Marokko Ismael Saibari
33%
Marokko Karim El Ahmadi
33%
Nigeria Nwankwo Kanu
33%
Ivoorkust Salomon Kalou
33%
Zuid-Afrika Thulani Serero
33%
Ivoorkust Ibrahim Sangaré
30%
Nigeria Calvin Bassey
27%
Ghana Christian Gyan
27%
Marokko Ismaïl Aissati
27%
Egypte Mido
27%
Nigeria Finidi George
23%
Tunesië Hatem Trabelsi
23%
Nigeria Tijjani Babangida
23%
Zuid-Afrika Benni McCarthy
20%
Egypte Hossam Ghaly
20%
Ivoorkust Sekou Cissé
20%
Nigeria Cyriel Dessers
17%
Zuid-Afrika Hans Vonk
17%
Burkina Faso Hassane Bandé
17%
Marokko Mounir El Hamdaoui
17%
Marokko Nourdin Boukhari
17%
Nigeria Sunday Oliseh
17%
Ghana Eric Addo
13%
Tunesië Karim Saïdi
13%
Marokko Oussama Idrissi
13%
Nigeria Pius Ikedia
13%
Ghana Abubakari Yakubu
10%
Marokko Adil Ramzi
10%
Ghana Anthony Obodai
10%
Kaapverdië Jerson Cabral
10%
Zambia Kalusha Bwalya
10%
Zuid-Afrika Kamohelo Mokotjo
10%
Zuid-Afrika Kermit Erasmus
10%
Nigeria Mike Obiku
10%
Zuid-Afrika Aaron Mokoena
7%
Senegal Aliou Balde
7%
Togo Dermane Karim
7%
Ghana Godwin Attram
7%
Ghana Kofi Mensah
7%
Ghana Patrick Allotey
7%
Egypte Sherif Ekramy
7%
Kameroen Thimothée Atouba
7%
Marokko Yassin Ayoub
7%
Congo DR Jody Lukoki
3%
Marokko Khalid Sinouh
3%
Marokko Manuel Da Costa
3%
Marokko Mo El Hankouri
3%
Marokko Naoufal Bannis
3%
Ghana Samuel Kuffour
3%
Marokko Zakaria Aboukhlal
3%
Ghana Abdul-Yakuni Iddi
0%
Congo DR Abel Tamata
0%
Marokko Ali Boussaboun
0%
Marokko Bilal El Yacoubi
0%
Congo DR Bulayima Mukuayanzo
0%
Kaapverdië Édson
0%
Kaapverdië Elber Evora
0%
Ghana Emmanuel Boakye
0%
Zuid-Afrika Geoff Wegerle
0%
Egypte Haytham Farouk
0%
Nigeria Ibrahim Rabiu
0%
Marokko Imad Najah
0%
Marokko Issam El Maach
0%
Nigeria John Owoeri
0%
Ghana Jordan Opoku
0%
Ghana Kwame Quansah
0%
Ghana Mohammed Abubakari
0%
Ghana Nana Asare
0%
Ghana Nii Lamptey
0%
Marokko Ouasim Bouy
0%
Sierra Leone Paul Kpaka
0%
Marokko Saïd Boutahar
0%
Zuid-Afrika Steve Wegerle
0%
Tunesië Tijani Belaïd
0%
No matching quizzes found
Score Distribution
Percent of People with Each Score
Percentile by Number Answered
Your Score History
You have not taken this quiz